Veľká životná päťka

Bibliographic Details
Main Author: Strelecky, John, 1969- (Author)
Other Authors: Tyšš Rondziková, Natália, 1992- (Translator)
Format: Book
Language:Slovak
English
PhysicalDescription:227 strán grafy, tabuľky 19 cm
Published: Bratislava Tatran 2021
ISBN:9788022211611
Edition:Vydanie I.
Subjects:

MARC

LEADER 00000cam a2200000 4500
001 vtls012025459
003 SK-MaSNL
005 20260302003501.0
008 210429s2021 xo da grf 000 j slo
015 |a SNBA2021/08 
020 |a 9788022211611  |q (viazané) 
040 |a SNK  |b slo  |c SNK  |e rda 
041 1 |a slo  |h eng 
044 |a xo  |c SK 
072 7 |a 821.111(73)-3  |x Americká próza  |2 konspekt 
080 |a 821.111(73)-32  |2 2011 
080 |a 658  |2 2011 
080 |a (0.062)  |2 2011 
100 1 |a Strelecky, John,  |d 1969-  |4 aut  |9 185323 
240 1 4 |a The big five for life  |l Slovenky 
245 1 0 |a Veľká životná päťka  |c John Strelecky ; z anglického originálu The big five for life ... preložila Natália Rondziková 
246 1 |i Obálkový podnázov:  |a Čo je v živote skutočne dôležité 
250 |a Vydanie I. 
264 1 |a Bratislava  |b Tatran  |c 2021 
300 |a 227 strán  |b grafy, tabuľky  |c 19 cm 
336 |a text  |b txt  |2 rdacontent 
337 |a bez média  |b n  |2 rdamedia 
338 |a zväzok  |b nc  |2 rdacarrier 
500 |a Obsahuje profesijné údaje o autorovi 
650 0 7 |a úspech v podnikaní  |2 SNKPH  |9 74400 
650 0 7 |a Success in business  |2 SNKPHeng  |9 327171 
655 7 |a americké príbehy  |2 SNKPH  |9 70732 
655 7 |a American stories  |2 SNKPHeng  |9 303195 
655 7 |a populárno-náučné publikácie  |2 SNKPH  |9 70460 
655 7 |a Popular works  |2 SNKPHeng  |9 90287 
700 1 |a Tyšš Rondziková, Natália,  |d 1992-  |4 trl  |9 254019 
919 |a 978-80-222-1161-1 
958 |a LX 
958 |a UP 
968 |b ENG 
999 |c 992178  |d 994108 
952 |a SNK  |b SNK  |y PREZ  |7 0  |p 17A1453619  |o snkSD 89822  |i snk2021/5546  |8 0  |0 0  |1 0  |4 0  |d 2021-05-24  |f 1  |l 0  |r 2026-02-24 11:53:06  |w 2026-02-24 
952 |a SNK  |b SNK  |y PREZ  |7 0  |p 17A1453620  |o snkSD 89822 D1  |i snk2021/5547  |8 0  |0 0  |1 0  |4 0  |d 2021-05-24  |l 0  |r 2026-02-24 11:53:06  |w 2026-02-24